Variación de diagramas de momento -curvatura en clumnas circulares de concreto reforzado debido a cargas fuera del plano
Uloženo v:
| Hlavní autor: | |
|---|---|
| Médium: | Kniha |
| Jazyk: | Spanish |
| Vydáno: |
[San José , Costa Rica]
2017
|
| Témata: | |
| Tagy: |
Přidat tag
Žádné tagy, Buďte první, kdo vytvoří štítek k tomuto záznamu!
|
MARC
| LEADER | 00000nam a22000007a 4500 | ||
|---|---|---|---|
| 003 | 012750 | ||
| 005 | 20221231144243.0 | ||
| 008 | 171017b2017 cr a|||| m||| 00| ||spa d | ||
| 040 | |c cru CEDI | ||
| 090 | |a TFG 7904 | ||
| 100 | |9 10140 |a Suárez Salinas, Diego | ||
| 245 | |a Variación de diagramas de momento -curvatura en clumnas circulares de concreto reforzado debido a cargas fuera del plano | ||
| 260 | |a [San José , Costa Rica] |c 2017 | ||
| 300 | |a xx, 145 hojas ; ilustraciones a color | ||
| 500 | |a Proyecto de graduación (licenciatura en ingeniería civil)--Universidad de Costa Rica. Facultad de Ingeniería. Escuela de Ingeniería Civil | ||
| 650 | |x COLUMNAS DE HORMIGON |x COLUMNAS DE HORMIGON - PRUEBAS |x HORMIGON ARMADO |x ESFUERZO Y TENSION - PRUEBAS |x DUCTILIDAD |9 10141 | ||
| 942 | |c TFG | ||
| 999 | |c 19124 |d 19124 | ||
